Transformačný proces v oblasti bývania - sociálne dopady a možnosti ich riešenia
Transformačný proces, ktorý prebieha vo sfére bývania a jeho hodnotenie z hľadiska sociálnych aspektov. Uplatňovaný systém rozvoja bývania. Rekapitulácia ťažiskových zmien a ich dopadov. Analýza a zhodnotenie výdavkov domácností spojených s bývaním. Výdavky na bývanie, ich úroveň, štruktúra a difere...
Salvato in:
| Autore principale: | |
|---|---|
| Natura: | Capitolo di libro |
| Lingua: | slovacco |
| Soggetti: | |
| Tags: |
Nessun Tag, puoi essere il primo ad aggiungerne!!
|
MARC
| LEADER | 00000naa a2200000 4500 | ||
|---|---|---|---|
| 001 | r034470 | ||
| 005 | 20230809074944.1 | ||
| 041 | 0 | |a slo | |
| 044 | |a SK | ||
| 245 | 1 | 0 | |a Transformačný proces v oblasti bývania - sociálne dopady a možnosti ich riešenia |c Zdenka Daneková |
| 520 | |a Transformačný proces, ktorý prebieha vo sfére bývania a jeho hodnotenie z hľadiska sociálnych aspektov. Uplatňovaný systém rozvoja bývania. Rekapitulácia ťažiskových zmien a ich dopadov. Analýza a zhodnotenie výdavkov domácností spojených s bývaním. Výdavky na bývanie, ich úroveň, štruktúra a diferenciácia. Zaťaženosť rozpočtov domácností výdavkami na bývanie a na energie a palivá. Výdavky na bývanie najzraniteľnejších skupín domácností. Príspevok na bývanie. | ||
| 610 | 2 | 0 | |a bývanie |
| 610 | 2 | 0 | |a transformácia |
| 610 | 2 | 0 | |a politika sociálna |
| 610 | 2 | 0 | |a domácnosti |
| 610 | 2 | 0 | |a dôsledky sociálne |
| 610 | 2 | 0 | |a výdavky |
| 610 | 2 | 0 | |a výdavky obyvateľstva |
| 610 | 2 | 0 | |a skupiny sociálne |
| 610 | 2 | 0 | |a príspevky sociálne |
| 100 | 1 | |a Daneková, Zdenka | |